000 00830nam a22002537a 4500
005 20230512221856.0
008 180424t xxu||||| |||| 00| 0 eng d
020 _a9780071266956
040 _cCSPC
082 0 _a511
_bR722d
100 _aRosen, Kenneth H.,
_eauthor.
245 0 0 _aDiscrete mathematics and its applications
_cKenneth H. Rosen
250 _a6th
_bEdition.
260 _aBoston :
_bMcGraw Hill Higher Education.
_c2007.
300 _a1201 pages :
_btables, images ;
_c26 cm.
500 _aIncludes Index.
650 1 0 _aComputer science
_xMathematics.
650 1 0 _aMathematics.
650 1 0 _aLogic, Symbols and Mathematical
940 _aMar
942 _cBOOK
_jCIR 511 R722d 2007
999 _c3653
_d3653